AU LIBRARIES
Centralized Library System Across Seven Campuses

Statistical Inference (Record no. 46971)

MARC details
000 -LEADER
fixed length control field 00463nam a22001817a 4500
005 - DATE AND TIME OF LATEST TRANSACTION
control field 20260127113327.0
008 - FIXED-LENGTH DATA ELEMENTS--GENERAL INFORMATION
fixed length control field 260127b |||||||| |||| 00| 0 eng d
020 ## - INTERNATIONAL STANDARD BOOK NUMBER
ISBN 978-8131503942
082 00 - DEWEY DECIMAL CLASSIFICATION NUMBER
Classification number 519.5
Author Mark CAS
100 1# - MAIN ENTRY--AUTHOR
Author Name Casella, George,
245 10 - TITLE STATEMENT
Title Statistical Inference
250 ## - EDITION STATEMENT
Edition statement 2nd ed
260 ## - PUBLICATION, DISTRIBUTION, ETC.
Place of Publication London :
Name of publisher, distributor, etc. CRC Press,
Date of publication, distribution, etc. 2024
300 ## - PHYSICAL DESCRIPTION
Pages xxix, 535 p:
500 ## - GENERAL NOTE
General note Includes index.
650 ## - SUBJECT ADDED ENTRY--TOPICAL TERM
Subject / Department Statistics / Management Science
942 ## - ADDED ENTRY ELEMENTS (KOHA)
Koha item type Book
Holdings
Withdrawn status Lost status Damaged status Not for loan Collection code Permanent Location Current Location Shelving Location Date acquired Source of acquisition Price Inventory number Total Checkouts Full Call Number Accession No./Barcode Date last seen Koha item type
        Business Administration Air University Kamra Campus Library Air University Kamra Campus Library Statistics 01/27/2026 Ali Book Services 3247.00 KMA/10536   519.5 CAS AUKP4854 01/27/2026 Book
Air University Sector E-9, Islamabad Pakistan
Email: librarian@au.edu.pk  Tel : +0092 51 9262612 Ext: 631